LIBRARY & INFORMATION CENTRE, KCAET, TAVANUR

ONLINE PUBLIC ACCESS CATALOGUE (OPAC)

Keralathile pakshikal / (Record no. 5216)

MARC details
000 -LEADER
fixed length control field 00366cam a2200145ua 4500
041 ## - LANGUAGE CODE
Language code of text/sound track or separate title mal
082 ## - DEWEY DECIMAL CLASSIFICATION NUMBER
Classification number 598
Item number NEE/KE
100 ## - MAIN ENTRY--AUTHOR NAME
Personal name Neelakandan, K K .
245 ## - TITLE STATEMENT
Title Keralathile pakshikal /
260 ## - PUBLICATION, DISTRIBUTION, ETC. (IMPRINT)
Place of publication Thrissur :
Name of publisher Kerala Sahitya Academy ,
Year of publication 1973.
300 ## - PHYSICAL DESCRIPTION
Number of Pages 638 ; .
942 ## - ADDED ENTRY ELEMENTS (KOHA)
Koha item type Books
Holdings
Withdrawn status Lost status Damaged status Home library Current library Date acquired Full call number Accession Number Koha item type Public note
Withdrawn     KAUAET KAUAET 07/04/2012 598 9492 Books Deleted
free website counter